000 00306nam a22001337a 4500
003 SGT
082 _a617.525
_bS14K
100 _aKISHOR, KRISHNA
245 _aSALIVARY GLAND TUMORS
260 _aDELHI NCR
_bSGT UNIVERSITY GURUGRAM
_c2014
300 _a1-101
650 _aORAL SURGERY
942 _2ddc
_cTH
999 _c18575
_d18575